| 000 | 00605nam a2200229 i 4500 | ||
|---|---|---|---|
| 001 | 3184065 | ||
| 005 | 20180221040658.0 | ||
| 008 | 760607s1976 enk b 001 0beng | ||
| 010 | _a 76362916 | ||
| 015 | _aGB*** | ||
| 020 |
_a0064958302 (Barnes & Noble) : _c£7.50 |
||
| 040 |
_aDLC _cDLC _dDLC |
||
| 041 | _aeng | ||
| 080 | _a330.153 | ||
| 082 | 0 | 0 | _a330.153 REI |
| 100 | 1 | _a20 | |
| 101 | _aSHP | ||
| 245 | 1 | 0 |
_aAdam Smith's sociological economics / _cD. A. Reisman. |
| 504 | _aIncludes bibliographies and index. | ||
| 906 |
_a7 _bcbc _corignew _d3 _encip _f19 _gy-gencatlg |
||
| 942 |
_2ddc _cBK |
||
| 999 |
_c43010 _d43010 |
||